Διδακτική των ειδικών σχολείων : για νοητικά καθυστερημένα παιδιά
Αποθηκεύτηκε σε:
| Κύριος συγγραφέας: | |
|---|---|
| Μορφή: | Βιβλίο |
| Γλώσσα: | Greek |
| Δημοσίευση: |
Αθήναι :
Καραβιάς,
1973
|
| Θέματα: | |
| Ετικέτες: |
Προσθήκη ετικέτας
Δεν υπάρχουν, Καταχωρήστε ετικέτα πρώτοι!
|
MARC
| LEADER | 00000cam a2200000 i 4500 | ||
|---|---|---|---|
| 001 | 1/96044 | ||
| 008 | 081024s1973 gre d | ||
| 035 | |l 10101160 | ||
| 040 | |a GR-MY-UA |b gre |e aacr | ||
| 041 | 0 | |a gre | |
| 082 | 0 | |a 371.928 |2 (22) | |
| 100 | 1 | |a Καλαντζής, Κώστας Γ., |d 1911- | |
| 245 | 1 | 0 | |a Διδακτική των ειδικών σχολείων : |b για νοητικά καθυστερημένα παιδιά / |c Κώστα Γ. Καλαντζή |
| 260 | |a Αθήναι : |b Καραβιάς, |c 1973 | ||
| 300 | |a 226 σ.; |c 25 εκ. | ||
| 500 | |a Θεμελιακές έννοιες της θεραπευτικής παιδαγωγικής - Οργάνωση και λειτουργία ειδικών σχολείων - Βασικές αρχές ειδικής αγωγής και ειδικής διδασκαλίας - Σχέδιο ειδικού αναλυτικού προγράμματος | ||
| 504 | |a Βιβλιογραφία: σ. 223-226 | ||
| 650 | 0 | 0 | |a Special education. |
| 650 | 0 | 0 | |a Children with mental disabilities |x Education. |
| 650 | 0 | 0 | |a Mentally ill children |x Education. |
| 852 | |a INST |b RHODES |c AKA |e 20081024 |h 371.928 ΚΑΛ |p 005400031217 |q 005400031217 |t BK |y 0 | ||
| 901 | |a BIBL4-2008-3 | ||
| 909 | |a Ρ |b 153470 | ||
| 970 | |a ΚΟΖΑ |b ΜΑΡΙΑ |z 2008/10/24 | ||